Should Cameras be Allowed in Courtrooms? : (Record no. 619149)

MARC details
000 -LEADER
fixed length control field 00504nam a2200181 a 4500
008 - FIXED-LENGTH DATA ELEMENTS--GENERAL INFORMATION
fixed length control field 260408s2008##################000#0#eng##
020 ## - INTERNATIONAL STANDARD BOOK NUMBER
ISBN 9780737739282
082 04 - DEWEY DECIMAL CLASSIFICATION NUMBER
Classification number 347.7312
Item number HIB
100 1# - MAIN ENTRY--AUTHOR NAME
Personal name Hiber, Amanda,
245 10 - TITLE STATEMENT
Title Should Cameras be Allowed in Courtrooms? :
260 ## - PUBLICATION, DISTRIBUTION, ETC. (IMPRINT)
Name of publisher Greenhaven Publishing,
Year of publication 2008.
650 #0 - SUBJECT ADDED ENTRY--TOPICAL TERM
Topical Term Young Adult Nonfiction.
942 ## - ADDED ENTRY ELEMENTS (KOHA)
Koha item type English Books
Holdings
Withdrawn status Lost status Damaged status Not for loan Home library Current library Shelving location Date acquired Full call number Accession Number Price effective from Koha item type
        Anna Centenary Library Anna Centenary Library 4TH FLOOR, A WING 08.04.2026 347.7312 HIB 285341 08.04.2026 English Books

Find us on the map